000 00871cam a2200205 4500
001 ABS62500
008 000000n2000 000 0 eng u
035 _a(Sirsi) u106598
100 _aDelargy, M.
245 _aCyberHype.com?
260 _c2000
490 _aBuilding
_v265(8140) 9 June 2000, 44-45(2)
520 _aLooks at the growth of e-construction portals, and compares some of the sites vying for a share of the UK construction market. At the moment, it suggests, there is little to differentiate them as each offers project management facilities for team collaboration; online trading; and all say they are quicker, cheaper and more efficient than paper-based processes. Profiles of each.
590 _aABS
650 _aE-COMMERCE
650 _aPORTALS
650 _aCONSTRUCTION MARKET
690 _aINFORMATION TECHNOLOGY-INTERNET
942 _n0
999 _c63826
_d63826